principles of welding technology (Record no. 612202)

000 -LEADER
fixed length control field 00391nam a22001457a 4500
020 ## - INTERNATIONAL STANDARD BOOK NUMBER
International Standard Book Number 0340613998
040 ## - CATALOGING SOURCE
Transcribing agency Nust
082 ## - DEWEY DECIMAL CLASSIFICATION NUMBER
Classification number 671.52
Author Mark GOU'P
100 ## - MAIN ENTRY--PERSONAL NAME
Personal name LM Gourd
9 (RLIN) 126598
245 ## - TITLE STATEMENT
Title principles of welding technology
250 ## - EDITION STATEMENT
Edition statement 3rd Edition
260 ## - PUBLICATION, DISTRIBUTION, ETC.
Place of publication, distribution, etc. London:
Name of publisher, distributor, etc. Arnold International Edition,
Date of publication, distribution, etc. 1995.
650 ## - SUBJECT ADDED ENTRY--TOPICAL TERM
Topical term or geographic name entry element principles of welding technology
9 (RLIN) 126599
942 ## - ADDED ENTRY ELEMENTS (KOHA)
Source of classification or shelving scheme
Koha item type Book
Holdings
Withdrawn status Lost status Source of classification or shelving scheme Damaged status Not for loan Permanent Location Current Location Shelving location Date acquired Total Checkouts Full call number Barcode Date last seen Price effective from Koha item type
          College of Electrical & Mechanical Engineering (CEME) College of Electrical & Mechanical Engineering (CEME) General Stacks 10/30/2024   671.52 GOU'P CEME- 31124 10/30/2024 10/30/2024 Book
© 2023 Central Library, National University of Sciences and Technology. All Rights Reserved.